| 000 | 00676nab a2200217 a 4500 | ||
|---|---|---|---|
| 005 | 20210219162542.0 | ||
| 008 | 991125s1985 mx 000 0 spa u | ||
| 035 | _aUPN01000206184 | ||
| 049 | _aART | ||
| 222 | 0 | _aREVISTA LATINOAMERICANA DE ESTUDIOS EDUCATIVOS | |
| 245 | 0 | 0 | _aProfesionalización docente, evaluación y rendición de cuentas |
| 260 | _aMéxico | ||
| 300 | _a5-15 | ||
| 362 | 0 | _a2015 Volumen 45, número 1, enero-marzo | |
| 653 | 0 | _aPROFESIONALIZACION DOCENTE | |
| 653 | 0 | _aEVALUACION DOCENTE | |
| 653 | 0 | _aPRACTICA DOCENTE | |
| 653 | 0 | _aCALIDAD EDUCATIVA | |
| 856 | 4 | _uhttp://www.redalyc.org/html/270/27035790001/index.html | |
| 905 | _aArticulo | ||
| 999 |
_c178285 _d178285 |
||